-
Muthuswamy,brinda,sanjeev
Entry Personal Name
Number of records used in: 1
001 - CONTROL NUMBER
003 - CONTROL NUMBER IDENTIFIER
005 - DATE AND TIME OF LATEST TRANSACTION
- control field:
20181102153955.0
008 - FIXED-LENGTH DATA ELEMENTS
- fixed length control field:
181102|| aca||aabn | a|a d
040 ## - CATALOGING SOURCE
- Original cataloging agency:
OSt
- Transcribing agency:
OSt
100 ## - HEADING--PERSONAL NAME
- Personal name:
Muthuswamy,brinda,sanjeev
670 ## - SOURCE DATA FOUND
- Source citation:
Work cat.: (OSt): Muthuswamy,brinda,sanjeev, Swamy's Comilation on Right To Information, 2018